zpět

Detail výsledku týmu

Žlíbka Pub, Jevíčko

Datum a čas kvízu

20 Celkem bodů Celkový počet nahraných bodů na tomto kvízu bez doplňovacích otázek.
8. Pořadí na kvízu Konečné umístění týmu na tomto kvízu.

Zaznamenané odpovědi

# Otázka Odpověď Body Výsledky
1. Která 55letá česká herečka a z... Kateřina Brožová 0
2. Norský výbor se rozhodl letoš... z Íránu 0
3. Agáta Hanychová minulý týden o... Miroslav Dopita 1
4. Ve středu byla v Berlíně předs... Škoda Kodiaq 1
5. Kolikátý titul v řadě mistra s... třetí titul 0
6. Téma o slavných trojicích, kte... Toyota, Nissan, Honda 0.5
7. Která tříčlenná kapela stojí z... Green Day 1
8. Na začátku které slavné původn... Matrix 0
9. Ze které části Francie pochází... C 1
10. Které společné příjmení patří... Zohorna 0